Nommez le Virus - Statistiques

Statistiques générales
  • Ce quiz a été pris 224 fois
  • Le résultat moyen est 11 sur 20
Statistiques - réponses
Indice Maladie/virus % Correct
Virus dont la première épidémie majeure a débuté en décembre 2019 à Wuhan, en Chine. Covid-19
99%
IST incurable qui était presque toujours fatale jusqu'à l'invention du "cocktail". VIH
93%
Également appelé H5N1, ce virus a suscité beaucoup d'inquiétude mais n'a pas causé beaucoup de pertes humaines. Grippe {aviaire}
84%
Causée par des morsures d'animaux, elle est presque toujours mortelle si elle n'est pas traitée rapidement par un vaccin. Rage
81%
Presque toutes les personnes de plus de 25 ans l'ont eu dans leur enfance. À l'âge adulte, elle peut réapparaître sous forme de zona. Varicelle
77%
Fièvre hémorragique qui a sévi en Afrique de l'Ouest en 2014. Ebola
71%
Groupe de cinq virus non apparentés (A, B, C, D et E) qui provoquent des problèmes de foie. Hépatite
70%
Un autre virus tropical transmis par les moustiques. Beaucoup moins fréquent que les précédents, il a un taux de mortalité beaucoup plus élevé (environ 15%). Fièvre {Jaune}
63%
Surnom de la grippe qui a tué environ 3 % de la population mondiale en 1918-1919. Grippe {espagnole}
63%
Provoque des boutons de fièvre. Herpes simplex
60%
Autrefois presque éradiquée dans les pays industrialisés grâce aux vaccins, elle a connuune résurgence chez les antivax. Rougeole
60%
MST généralement bénigne mais qui peut provoquer des verrues et le cancer du col de l'utérus.Au moins 25 % des adultes sont infectés. HPV
56%
La seule maladie infectieuse à avoir été éliminée chez l'homme. Variole
49%
Le vaccin ROR, en plus des deux précédents, prévient aussi ce virus. Rubéole
43%
Facile à prévenir par la vaccination. Provoque un gonflement douloureux des glandes salivaires. Oreillons
36%
Jonas Salk a créé le vaccin contre cette maladie paralytique en 1955. On espère qu'elle sera éradiquée d'ici la fin de la décennie. Poliomyélite
35%
Virus tropical transmis par les moustiques qui frappe chaque année au moins 50 millions de personnes et en tue environ 25 000. {Dengue}
31%
Une infection transmise par un moustique et qui porte le nom d'un fleuve en Afrique. Nil Occidental
27%
Virus pouvant entraîner la naissance de bébés avec une petite tête. Zika
27%
Virus similaire au précédent, qui a tué 299 personnes à Hong Kong au début des années 2000. SRAS
23%
Aucun quiz correspondant
Distribution des résultats
% des personnes avec chaque résultat
Percentile par nombre de réponses
Votre historique - résultats
Vous n’avez pas pris ce quiz